000 00467cam a2200193ua 4500
001 9886
008 190409n ii |||gr||||Z||||||asm
020 _a9789381064566
040 _cMAIN
041 _aasm
082 _a891.4514
100 _aJayanta Kumar Bora,
_eAuthor.,
245 _aSahitya abhirupa
_cBy Jayanta Kumar Bora
250 _a1st ed.
260 _aGuwahati:
_bBani mandir,
_c2013.
300 _a150p.
653 _aAssamese literature
942 _cBK
999 _c8896
_d8896